Bluey Characters Dog Breed - Statistics

General Stats
  • This quiz has been taken 60 times
    57 since last reset
  • The average score is 9 of 18
Answer Stats
Hint Answer % Correct
Pom-Pom Teacup Pomeranian
91%
Winton Bulldog
76%
Coco Poodle
76%
Chloe Dalmatian
74%
Mackenzie Border Collie
67%
Honey Beagle
65%
Lucky Golden Retriever
57%
Judo Chow-Chow
54%
Jean-Luc Labrador
54%
Indy Afghan Hound
52%
Buddy Pug
46%
Jack Jack Russell
41%
Snickers Daschund
39%
Winnie Chocolate Lab
33%
Rusty Red Kelpie
28%
Lila Maltese
20%
Hercules Saint Bernard
20%
Gruber German Sheperd
13%
No matching quizzes found
Score Distribution
Percent of People with Each Score
Percentile by Number Answered
Your Score History
You have not taken this quiz since the last reset